| 000 | 00649nam a22001817a 4500 | ||
|---|---|---|---|
| 005 | 20120501130911.0 | ||
| 020 |
_a8120311868 _c79.00 |
||
| 035 | _aA-933618 | ||
| 037 |
_aDPL _bENG |
||
| 100 |
_aDastidar, D. Ghosh _946117 |
||
| 245 |
_aComputer and computation : _bA beginner's guide / _cby D. Ghosh Dastidar, S. Chattopadhyay and U.K. Sarkar |
||
| 260 |
_aNew Delhi _bPrentice-Hall of India _c1997 |
||
| 300 |
_aix, 214p. _c20 cms. |
||
| 700 |
_aChattopadhyay, S. _946118 |
||
| 700 |
_aSarkar, U.K. _946119 |
||
| 942 |
_2ddc _cEN _h004 _mGHO |
||
| 999 |
_c65892 _d65892 |
||